000 01023cai a22001815a 4500
001 E144634
008 080801u xxk g 000 0 eng d
035 _a(Sirsi) u144634
041 0 _aeng
110 2 _aChartered Institute of Arbitrators
_bScottish Branch
_93828
245 0 4 _aThe Chartered Institute of Arbitrators
_bScottish Branch
_h[electronic resource]
520 _aWebsite of the Scottish Branch of the Chartered Institute of Arbitrators. Provides access to online copies of codes of practice, as well as articles and conference papers relating to arbitration and dispute resolution in Scotland, and the Branch's newsletter. Also provides information on adjudication, including links to relevant Scottish case law and legislation.
590 _aKA
651 4 _aScotland
_y1999-
690 _aMANAGEMENT-DISPUTE AVOIDANCE, MANAGEMENT AND RESOLUTION-DISPUTE MANAGEMENT AND RESOLUTION-ARBITRATION
856 4 0 _uhttps://www.ciarb.org/scotland/
_zView the website free of charge at www.ciarb.org/scotland
942 _n0
999 _c120688
_d120688